| 000 | 00703nam a2200193 i 4500 | ||
|---|---|---|---|
| 001 | 22791 | ||
| 003 | ES-MaACL | ||
| 005 | 20230906152746.0 | ||
| 007 | t| | ||
| 008 | 021204s1961 sp ||||1| spa d | ||
| 100 | 1 |
_aAlonso Viguera, José María. _920421 |
|
| 245 | 1 | 3 |
_aLa Ingeniería industrial española en el siglo XIX / _cJosé Mª Alonso Viguera ; prólogo de Manuel Soto Redondo. |
| 250 | _a2ª ed. | ||
| 260 |
_aMadrid : _bEscuela Técnica Superior de Ingenieros Industriales, _c1961. |
||
| 300 |
_aXVI, 293 p., 24 lám. ; _c24 cm. |
||
| 700 | 1 |
_aSoto Redondo, Manuel. _9107527 |
|
| 710 | 2 |
_aEscuela Técnica Superior de Ingenieros Industriales. _93612 |
|
| 852 |
_aES-MaACL _jC-20492 _bR.48916 |
||
| 999 |
_c22791 _d22791 |
||